000
00296nam a22001217a 4500
082
_a
030
_b
BUR/N-6
100
_a
BURTON,MAURICE
100
_a
BURTON,ROBERT
245
_a
NEW ILUSTRATED WILDLIFE ENCYCLOPEDIA: VOL6 COC-CRO
260
_a
AMERICA
_b
BPC
650
_a
ENCYCLOPEDIA
_z
AMERICA
942
_c
BK
999
_c
1972
_d
1972